LEADER 01373nam a2200289 i 4500 001 000000145692 003 CaOOAMICUS 005 20240102154133.0 008 051205s2003 it u000 u ita u 013 $a121084 040 $aSeMil$bita 100 1 $aTremolada, Pierantonio,$c.$0(OLS)http://semarc/name/26960 245 10$aChiamati da Dio, mandati al suo popolo /$cPierantonio Tremolada. 250 $a2. ed. 260 $aSeveso (MI) :$bSeminario Arcivescovile di Milano,$c2003. 300 $a47 p. ;$c21 cm. 490 0 $aQuaderni di S. Pietro Martire ;$v81 490 0 $aQuaderni di S. Pietro Martire. Serie Vocazione ;$vV1 650 4$aGiovani - Vocazione.$0(OLS)http://semarc/subject/27326 710 2 $aSeminario arcivescovile di Milano : Comunità propedeutica e del biennio teologico - Seveso.$0(OLS)http://semarc/name/58138 830 0$aQuaderni di S. Pietro Martire ;$v81.$0(OLS)http://semarc/title/19757 830 0$aQuaderni di S. Pietro Martire. Serie Vocazione ;$vV1.$0(OLS)http://semarc/title/19759 850 $aSeMil 852 $aSeMil$W1$xVenegono$y1$m5D XI 11/2$j98423$B98423$CSeMilBibl$Z2$F106609 $81 996 $6245$aChiamati da Dio, mandati al suo popolo$9(OLS)http://semarc/title/212996 996 $6260$aSeveso (MI) :$bSeminario Arcivescovile di Milano$9(OLS)http://semarc/publisher/39651 LEADER 01090nam a2200265 i 4500 001 000000153467 003 CaOOAMICUS 005 20090327000000.0 008 090327s1965 it u000 u ita u 013 $a130809 040 $aSeMil$bita 100 1 $aMisciattelli, Piero.$0(OLS)http://semarc/name/6220 245 10$aMisticismo Senese /$cPiero Misciattelli ; a cura di Aldo Lusini. 260 $a[Siena] :$bMonte dei Paschi di Siena,$c1965. 300 $a241 p., riccamente ill. ;$c32 cm. 500 $aIn custodia. - Fondo Card. Giovanni Colombo. 650 4$aSiena - Storia religiosa.$0(OLS)http://semarc/subject/18628 650 4$aMistica italiana - Siena.$0(OLS)http://semarc/subject/30014 700 1 $aLusini, Aldo.$0(OLS)http://semarc/name/60105 850 $aSeMil 852 $aSeMil$W1$xVenegono$y1$m5H IX 50$j105407$B105407$CSeMilBibl$Z2$F140537 $8I 941 1 $a3 961 $aLascito: Colombo Card. Giovanni 996 $6245$aMisticismo Senese$9(OLS)http://semarc/title/224564 996 $6260$a[Siena] :$bMonte dei Paschi di Siena$9(OLS)http://semarc/publisher/44830